000 00576nam a2200229Ia 4500
003 OSt
005 20220928102417.0
006 a|||||r|||| 00| 0
007 ta
008 220927b |||||||| |||| 00| 0 eng d
024 _a51961
037 _cTextual
040 _aSDCL
_cSDCL
_beng
041 _2eng
_aeng
082 _aO25,1x, L3
100 _aMezey Robert
_9398203
245 0 _aPoems from the Hebrew.
260 _aAmerica
_bCrowell
_c1973
300 _a159p.
_ccm.
942 _hO25,1x, L3
_cTEXL
_2CC
999 _c714033
_d714033